| 000 | 00411nam a2200169Ia 4500 | ||
|---|---|---|---|
| 999 |
_c10314 _d10314 |
||
| 003 | OSt | ||
| 005 | 20220314175159.0 | ||
| 008 | 220308s9999 xx 000 0 und d | ||
| 020 | _a9783836546560 | ||
| 082 | _a745.4442 FIE | ||
| 100 | _a Charlotte &Peter Fiell | ||
| 245 | 0 | _aDecorative Art 70S | |
| 260 | _bTaschen GmbH; New edition (11 September 2017) | ||
| 365 | _cGBP | ||
| 365 | _d16 | ||
| 942 | _2ddc | ||